Statistics for 10 First U.S. States to Grant Women's Right to Vote

Click here to take the quiz!

General Stats

  • This quiz has been taken 51 times
  • The average score is 8 of 11

Answer Stats

Year State % Correct
1911California
92%
1912Oregon
90%
1910Washington
88%
1893Colorado
81%
1890Wyoming
75%
1896Utah
75%
1912Arizona
75%
1896Idaho
73%
1914Nevada
69%
1914Montana
65%
1912Kansas
54%

Score Distribution

Percentile by Number Answered

Percent of People with Each Score

Your Score History

You have not taken this quiz